vufinder Bibliothèque Municipale de Charleval de Provence
Se connecter
« Retourner aux résultats de recherche

Golf

problèmes et solutions

Book Cover
Auteur principal: Steve Newell
Support: Livres
Langue: Francais
Genre: Documentaire
Sujets:
Étiquettes: Ajouter
Pas de Tags !

LEADER 00830nam0a2200181 450
001 16848363
010 |a 978-2-263-04618-6  |b Br.  |d 24,9 € 
100 |a 20090325d2009 u u0frey01 ba 
101 0 |a fre 
102 |a FR 
200 0 |a Golf  |e problèmes et solutions  |f Steve Newell  |g préface de Ernie Els 
207 1 |a   
215 |a 176 p.  |c illustrations en couleur  |d 23 x 21 cm 
330 |a Méthode pour les golfeurs qui veulent améliorer leur jeu et corriger leurs erreurs. Les gestes les plus courants sont décryptés afin de mieux analyser les problèmes qu'ils posent. Des solutions sont apportées pour adopter la bonne technique. 
700 0 |a Newell  |b Steve  |4 70 
900 |a Documentaire 
901 |a Accessible au prêt 
995 |a Bibliothèque  |c Bibliothèque  |f 00156007022965  |h 00156007022965  |k 796.35 NEW  |o p  |q a  |r az  |e Bibliothèque 

Options de recherche

Historique de recherche
Recherche avancée

Trouver plus

Nouveautés

Besoin d'aide ?

Contacter un bibliothécaire